Content area literacy : interactive teaching for active learning /

Salvato in:
Dettagli Bibliografici
Autore principale: Manzo, Anthony V.
Natura: Libro
Lingua:English
Pubblicazione: New York : John Wiley and Sons, 2001.
Edizione:3rd ed.
Soggetti:
Tags: Aggiungi Tag
Nessun Tag, puoi essere il primo ad aggiungerne! !
Thư viện lưu trữ: Mạng thư viện Đại học Đà Nẵng
LEADER 01016cam a2200361 i 4500
001 000045577
003 4766
005 20030228120217.0
008 010220|2001 vm 000 eng
020 |a 0471365610 
040 |a IRC  |c IRC  |d IRC 
041 0 |a eng 
082 1 4 |a 428.407  |b MA-A 
100 1 |a Manzo, Anthony V. 
245 0 0 |a Content area literacy :  |b interactive teaching for active learning /  |c Anthony V. Manzo. 
250 |a 3rd ed. 
260 |a New York :  |b John Wiley and Sons,  |c 2001. 
300 |a vi, 457p. :  |b ill. 
630 0 4 |a English language. 
630 0 4 |a Language arts. 
650 0 4 |a Interdisciplinary approach in education. 
650 0 4 |a Language arts  |x Correlation with content subjects. 
650 0 4 |a Content area reading  |z United States. 
OWN |a DUT 
999 |a From the UDN01 
TYP |a Monograph 
TYP |a Printed language 
980 |a Mạng thư viện Đại học Đà Nẵng